[Event "Barcelona Segura Memorial 1st"]
[Site "Barcelona"]
[Date "2021.09.29"]
[Round "1"]
[White "Dominguez Rueda, Juan"]
[Black "Moreno Martinez, Edgar"]
[Result "1-0"]
[WhiteElo "2003"]
[BlackElo "1589"]
[PlyCount "43"]
[EventDate "2021.09.29"]
[EventType "swiss"]
[EventRounds "9"]
[EventCountry "ESP"]
[SourceTitle "EXT 2023"]
[Source "ChessBase"]
[SourceDate "2022.10.05"]
[SourceVersion "1"]
[SourceVersionDate "2022.10.05"]
[SourceQuality "1"]

1. e4 c6 2. Nc3 e5 3. Nf3 d6 4. d4 Nd7 5. Bc4 Be7 6. dxe5 dxe5 7. Ng5 Nh6 8. Qh5 Nf6 9. Qh4 Bg4 10. f3 Bh5 11. Be3 Qc7 12. g4 Bg6 13. Qg3 0-0-0 14. h4 Nd7 15. h5 Bxg5 16. Bxg5 f6 17. Bxh6 gxh6 18. hxg6 hxg6 19. 0-0-0 Nb6 20. Bb3 Rd6 21. Qf2 c5 22. Nb5 1-0